书目信息 |
| 题名: |
解读顺驰
|
|
| 作者: | 郑爱敏 著 | |
| 分册: | ||
| 出版信息: | 北京 当代中国出版社 2005 |
|
| 页数: | 216页 | |
| 开本: | 24cm | |
| 丛书名: | ||
| 单 册: | ||
| 中图分类: | F299.272.1 | |
| 科图分类: | ||
| 主题词: | 房地产--企业--研究--天津市 | |
| 电子资源: | ||
| ISBN: | 7-80170-360-X | |
| 000 | 01173nam0 2200313 450 | |
| 000 | 01136nam0 2200301 450 | |
| 000 | 01134nam0 2200313 450 | |
| 000 | 01080nam0 2200289 450 | |
| 000 | 01098nam0 2200277 450 | |
| 000 | 01061nam0 2200265 45 | |
| 001 | TS2006028049 | |
| 005 | 20070113163714.01 | |
| 010 | @a7-80170-360-X@dCNY30.00 | |
| 100 | @a20060829d2005 em y0chiy0110 ea | |
| 101 | 0 | @achi |
| 102 | @aCN@b110000 | |
| 105 | @aa z 000yy | |
| 200 | 1 | @a解读顺驰@AJie Du Shun Chi@e企业超常规扩张的悬念@EQi Ye Chao Chang Gui Kuo Zhang De Xuan Nian@f郑爱敏著@FZheng Ai Min Zhu |
| 210 | @a北京@c当代中国出版社@d2005 | |
| 215 | @a216页@c照片@d24cm | |
| 330 | @a本书记录了顺弛成为中国房地产界老大的成长历程,对顺弛的商业模式、企业文化、营销理念等作了视角独特的精辟分析和解读。 | |
| 517 | 1 | @a企业超常规扩张的悬念@AQi Ye Chao Chang Gui Kuo Zhang De Xuan Nian |
| 606 | 0 | @a房地产@x企业@x研究@y天津市 |
| 690 | @aF299.272.1@v4 | |
| 701 | 0 | @a郑爱敏@AZheng Ai Min@4著 |
| 801 | 0 | @aCN@b中图数据@c20070113 |
| 905 | @a10447@dF299.272.1@e408 | |
| 解读顺驰:企业超常规扩张的悬念/郑爱敏著.-北京:当代中国出版社,2005 |
| 216页:照片;24cm |
| ISBN 7-80170-360-X:CNY30.00 |
| 本书记录了顺弛成为中国房地产界老大的成长历程,对顺弛的商业模式、企业文化、营销理念等作了视角独特的精辟分析和解读。 |
| ● |
| 相关链接 |
|
|
|
|
正题名:解读顺驰
索取号:F299.272.1/408
 
预约/预借
| 序号 | 登录号 | 条形码 | 馆藏地/架位号 | 状态 | 备注 |
| 1 | 0616761 | 206167618 | 第一样本阅览室/ [索取号:F299.272.1/408] | 在馆 | |
| 2 | 0616762 | 206167627 | 第一借阅区/ [索取号:F299.272.1/408] | 在馆 | |
| 3 | 0616763 | 206167636 | 第一借阅区/ [索取号:F299.272.1/408] | 在馆 | |
| 4 | 0616764 | 206167645 | 第一借阅区/ [索取号:F299.272.1/408] | 在馆 | |
| 5 | 0616765 | 206167654 | 第一借阅区/ [索取号:F299.272.1/408] | 在馆 |